Análisis químico cualitativo basado en las leyes de equilibrio y en la teoría de la ionización / (Record no. 110584)

MARC details
000 -LEADER
campo de control de longitud fija 00701nam a2200205 i 4500
001 - NÚMERO DE CONTROL
campo de control 110584
003 - IDENTIFICADOR DE NÚMERO DE CONTROL
campo de control ES-MaACL
005 - FECHA Y HORA DE LA ÚLTIMA TRANSACCIÓN
campo de control 20230906185108.0
007 - CAMPO FIJO DE DESCRIPCIÓN FÍSICA--INFORMACIÓN GENERAL
campo de control de longitud fija t|
008 - DATOS DE LONGITUD FIJA--INFORMACIÓN GENERAL
campo de control de longitud fija 070202s1944 sp ||||1| spa d
080 ## - NÚMERO DE LA CLASIFICACIÓN DECIMAL UNIVERSAL
Número de la Clasificación Decimal Universal 544(075.8)
100 1# - ENTRADA PRINCIPAL--NOMBRE DE PERSONA
Nombre de persona Curtman, Louis J.
9 (RLIN) 42253
245 10 - MENCIÓN DEL TÍTULO
Título Análisis químico cualitativo basado en las leyes de equilibrio y en la teoría de la ionización /
Mención de responsabilidad, etc. por Luis J. Curtman ; traducción por E. Jimeno.
250 ## - MENCION DE EDICION
Mención de edición [3ª] ed.
260 ## - PUBLICACIÓN, DISTRIBUCIÓN, ETC.
Lugar de publicación, distribución, etc. Barcelona :
Nombre del editor, distribuidor, etc. Manuel Marín,
Fecha de publicación, distribución, etc. [1944?]
300 ## - DESCRIPCIÓN FÍSICA
Extensión XII, 572 p., 1 lám. pleg. ;
Dimensiones 22 cm.
650 #4 - PUNTO DE ACCESO ADICIONAL DE MATERIA--TÉRMINO DE MATERIA
Término de materia o nombre geográfico como elemento de entrada Análisis químico cualitativo.
9 (RLIN) 9776
700 1# - ENTRADA AGREGADA--NOMBRE PERSONAL
Nombre de persona Jimeno, Emilio.
9 (RLIN) 66638
852 ## - LOCALIZACIÓN
Ubicación ES-MaACL
Número de control de estantería E-2353
Sublocalización o colección R.36979
Holdings
Estatus retirado Estado de pérdida Estado de daño No para préstamo Biblioteca de origen Biblioteca actual Ubicación en estantería Fecha de adquisición Fuente de adquisición Total de préstamos Signatura topográfica completa Código de barras Visto por última vez Precio de reemplazo Tipo de ítem Koha
        Biblioteca del Ateneo de Madrid Biblioteca del Ateneo de Madrid Depósito 2 17/01/2008     E-2353 1115378 23/02/2023 23/02/2023 Libro impreso